Polskie Miasta na literę "O" - Statystyki

Ogólne statystyki
  • Ten quiz został rozwiązany 1 040 razy
  • Średni wynik to 9 z 18
Statystyki odpowiedzi
Hint Odpowiedź % Poprawnych
171 200 Olsztyn
91%
127 800 Opole
90%
71 500 Ostrów Wielkopolski
65%
33 100 Oława
57%
35 200 Olkusz
56%
51 900 Ostrołęka
52%
67 400 Ostrowiec Swiętokrzyski
52%
37 100 Oleśnica
48%
21 100 Opoczno
47%
33 200 Ostróda
47%
44 600 Otwock
44%
37 600 Oświęcim
43%
16 400 Olecko
42%
22 400 Ostrów Mazowiecki
32%
18 400 Oborniki
30%
14 400 Ostrzeszów
29%
19 300 Ozorków
17%
20 800 Orzesze
16%
Nie znaleziono quizów pasujących do podanych kryteriów
Rozkład punktacji
Procent ludzi z każdym wynikiem
Percentyl według liczby udzielonych odpowiedzi
Twoja historia wyników
Nie rozwiązałeś tego quizu